000 02005nam a22003015 4500
001 bimo0000426096
003 SpMaBN
005 20240715225451.0
008 941222s1984 sp | ||| ||spa
017 _aM-36788-1990
020 _a8434808994
040 _aSpMaBN
_bspa
_cSpMaBN
_erdc
_dCO-UdeC
041 1 _aspa
_hfre
082 0 4 _a843
_bT422
100 1 _aThiam, Djibi
_0XX922252
245 1 3 _aMi hermana la pantera /
_cDjibi Thiam.
250 _a11 ed.
260 3 _aMadrid :
_bSM,
_c1990.
300 _a206 p. ;
_bil.,
_c19 cm.
490 0 _aEl barco de vapor
_v9
504 _aIncluye epílogo.
505 1 _aLa agresión -- Noche dramática -- El canto del gallo -- La huella del tótem -- Siguiendo a la fiera -- El león y la gacela -- La mañana de Mina -- Pánico en la selva -- Asambleas en la aldea -- La leyenda de los kungalas -- A través de la aldea -- Dungú, el hechicero -- Vela de armas -- Zafarrancho de combate -- A la búsqueda del felino -- Toma de contacto -- Acoso durante la noche -- Se cierra el cerco -- El duelo -- Tan-tan matinal -- Los emisarios de Gonfota -- La horrible revelación -- Homenaje a Bamú
520 0 _a"... para nosotros se trata de la muerte ritual del tótem por haber roto el pacto sagrado. Con su sacrificio debe reparar su perjurio y la ofensa infringida a los dioses y a nuestros antepasados. La tribu debe designar un justiciero, un hombre que ejecute la sentencia". "No es ninguna gloria matar a un hermano. Para mí, la pantera no es un enemigo. Es una hermana. Me cueste lo que me cueste, será un combate leal. Los dioses juzgarán". En este apasionante relato, DJIBI THIAM presenta - en el marco exuberante de la selva africana- el problema de conciencia de una tribu -los kungalas- en lucha de sus tradiciones y la horrible realidad de una fiera asesina. [Tomado de contraportada]
546 _aEspañol.
650 0 0 _aLiteratura infantil
_92615
650 0 0 _aLiteratura de ficción
_92616
942 _2ddc
_cBK
_h843 T422
_n0
999 _c1832
_d1832